=LDR 00000nam 2200000 4500 =001 INLIS000000000034358 =005 20130612140252 =008 ************************************* =035 ##$$0010-061300000034358 =082 ##$$a 005.369 =090 ##$$a 005.369, Kri m =100 ##$$a Kristhianto, Judhi =245 ##$$a Mahir excel 2007 tanpa guru/Judhi Kristhianto =260 ##$$a 2009 $b Jakarta =300 ##$$a 76 hlm., Ilus, 29 cm =650 ##$$a Excel-Program Komputer =850 ##$$a NBPNMAT